| 000 | 00563cam a2200205 a 4500 | ||
|---|---|---|---|
| 001 | 000002102 | ||
| 005 | 20200929145831.0 | ||
| 008 | 750818s1953 fr 001 f fre | ||
| 040 |
_aDO-SdBNP _bspa _cBNPHU |
||
| 082 |
_a843.91 _bM313b |
||
| 100 | 1 |
_aMarceau, Félicien, _d1913- _96754 |
|
| 245 | 1 | 0 |
_aBergére légére / _cFélicien Marceau. |
| 260 |
_aParís : _bGallimard, _c1953. |
||
| 300 |
_a273 p. ; _c18 cm. |
||
| 490 | 1 | _aFolio | |
| 650 | 4 |
_aNovela francesa _91075 |
|
| 650 | 4 |
_aLiteratura francesa _91074 |
|
| 830 | 0 |
_aFolio _94233 |
|
| 910 | _aEn proceso | ||
| 999 |
_c1960 _d1960 |
||